000 00255nam a2200109Ia 4500
005 20251222141807.0
008 251222s9999||||xx |||||||||||||| ||spa||
082 _a332.153 A42
245 0 _aAjuste Estructural y Desarrollo:
264 _bALIDE
942 _cLIB
999 _c6343
_d6343